000 01240nam a2200289 a 4500
001 BRCA_2755
005 20190320203945.0
008 051208s1900----sp-#---###---#000-0#spa-u
041 _aspa
044 _asp
084 _a239
_b.M38
_c1900
100 1 _aCervantes Saavedra, Miguel de
_d1547-1616
_9213
245 1 0 _aEl Ingenioso Hidalgo Don Quijote de la Mancha
_ccompuesto por Miguel de Cervantes Saavedra.
260 _aBarcelona
_bMaucci-Maucci hermanos
_c1900
300 _a474 p.
_c16 cm.
500 _aContenido : Primera parte. Dedicatoria del autor. Prólogo del autor. Versos preliminares. Texto. Segunda parte. Dedicatoria del autor. Prólogo del autor. Texto
500 _aLinda edición, bien impresa sobre papel semi-biblia. Piel roja; lomos y planos decorados con filetes y adornos dorados Lúdovik Osterc
500 _aCon ex-libris de : Ángel Uriarte
500 _aQM225A
650 1 4 _aNovela española
_yÉpoca clásica, 1500-1700
_9215
650 1 4 _aLiteratura española
_yÉpoca clásica, 1500-1700
_9216
650 1 4 _aNovela española
_ySiglo XVII
_9217
650 1 4 _aDon Quijote (Personaje ficticio)
_eNovela
_9218
740 0 _aEl Ingenioso Hidalgo Don Quijote de la Mancha
902 _aQFM
942 _2lcc
_cB
999 _c2495
_d2495